000 00277nam a22001337a 4500
008 171218b xxu||||| |||| 00| 0 eng d
020 _a9780768916065
041 _aeng
080 _a37
100 _a46
101 _aEDU
245 _aGET A JUMP!
_cTHOMSON
942 _2udc
_cBK
999 _c39078
_d39078